[Event "Goch op 27th"]
[Site "Goch"]
[Date "2016.09.01"]
[Round "1"]
[White "Guelsen, Taylan"]
[Black "Flegar, Vlado"]
[Result "1-0"]
[WhiteElo "2072"]
[BlackElo "1716"]
[PlyCount "91"]
[EventDate "2016.09.01"]
[EventType "swiss"]
[EventRounds "7"]
[EventCountry "GER"]
[SourceTitle "EXT 2018"]
[Source "ChessBase"]
[SourceDate "2017.10.13"]
[SourceVersion "1"]
[SourceVersionDate "2017.10.13"]
[SourceQuality "1"]

1. c4 g6 2. g3 Bg7 3. Bg2 e6 4. Nf3 d6 5. 0-0 Ne7 6. Nc3 Nd7 7. d4 h6 8. e4 b6 9. Qc2 Bb7 10. b3 a6 11. Bb2 g5 12. Rad1 Qb8 13. Rfe1 Ng6 14. e5 g4 15. Nd2 dxe5 16. d5 exd5 17. Nxd5 c6 18. Nb4 Qc7 19. Ne4 0-0 20. Nd6 a5 21. Nxb7 axb4 22. Nd6 Rxa2 23. Nf5 Rfa8 24. Re2 Nc5 25. Rd6 R8a3 26. Rxc6 Qa7 27. Rc8+ Kh7 28. Nxg7 Kxg7 29. Qf5 Qd7 30. Bxe5+ Nxe5 31. Qxe5+ f6 32. Qe7+ Qxe7 33. Rxe7+ Kg6 34. Rg8+ Kf5 35. h3 Ne6 36. hxg4+ Ke5 37. Bd5 Ra1+ 38. Kg2 Rxb3 39. Rxe6+ Kd4 40. Rxb6 Rbb1 41. Re8 b3 42. Re4+ Kc5 43. Rb5+ Kd6 44. Re6+ Kd7 45. Rb7+ Kd8 46. Rxf6 1-0

[Event "Goch op 26th"]
[Site "Goch"]
[Date "2015.09.06"]
[Round "7"]
[White "Flegar, Vlado"]
[Black "Bauchmueller, Heinrich"]
[Result "0-1"]
[WhiteElo "1769"]
[BlackElo "1543"]
[PlyCount "50"]
[EventDate "2015.09.03"]
[EventType "swiss"]
[EventRounds "7"]
[EventCountry "GER"]
[SourceTitle "EXT 2018"]
[Source "ChessBase"]
[SourceDate "2017.10.13"]
[SourceVersion "1"]
[SourceVersionDate "2017.10.13"]
[SourceQuality "1"]

1. e3 c5 2. d3 Nc6 3. Ne2 g6 4. g3 Bg7 5. Bg2 Nf6 6. 0-0 0-0 7. c3 d5 8. Nd2 e5 9. e4 Be6 10. f4 exf4 11. Nxf4 dxe4 12. Nxe6 fxe6 13. Nxe4 Nxe4 14. Bxe4 Qc7 15. Be3 b6 16. Qa4 Rac8 17. Rxf8+ Bxf8 18. Qb3 Nd8 19. Rf1 Bd6 20. Bh6 c4 21. Qc2 Nf7 22. Bc1 cxd3 23. Qxd3 Rd8 24. Bxg6 Bc5+ 25. Qd4 Bxd4+ 0-1